First letters of U.S. States in Order - Statistics

General Stats
  • This quiz has been taken 1,239 times
    222 since last reset
  • The average score is 42 of 50
Answer Stats
Answer % Correct
A
100%
A
99%
A
99%
A
97%
C
97%
C
97%
C
97%
D
97%
F
95%
G
95%
H
93%
I
93%
I
93%
I
93%
I
93%
K
92%
K
92%
L
90%
M
90%
M
89%
M
89%
M
89%
M
87%
M
87%
M
87%
M
86%
N
86%
N
86%
N
86%
N
86%
N
85%
N
83%
N
83%
N
83%
O
82%
O
80%
O
80%
P
79%
R
77%
S
76%
S
75%
T
72%
T
71%
U
69%
V
68%
V
63%
W
59%
W
58%
W
57%
W
55%
No matching quizzes found
Score Distribution
Percent of People with Each Score
Percentile by Number Answered
Your Score History
You have not taken this quiz since the last reset